000 00416nam a2200169Ia 4500
008 090711s9999 xx 000 0 und d
082 _b10628
100 _aपनिकर रजनी
245 _aतहान
260 _c1955
300 _a216
600 _aपनिकर रजनी
630 _aतहान
700 _aपनिकर रजनी
730 _aतहान
942 _cBOOK
999 _c294543
_d294543